Top 100 MCU Characters (Marvel Cinematic Universe) - Statistics

General Stats
  • This quiz has been taken 597 times
  • The average score is 55 of 100
Answer Stats
Actor Years Character % Correct
Scarlett Johansson 2010-2021 Black Widow/ Natasha Romanoff
99%
Chris Evans 2011-2019 Captain America/ Steve Rogers
99%
Mark Ruffalo 2008-Present Hulk/ Bruce Banner
99%
Robert Downey Jr. 2008-2019 Iron Man/ Tony Stark
99%
Tom Holland 2016-Present Spider-Man/ Peter Parker
99%
Chris Hemsworth 2011-Present Thor
99%
Hailee Steinfeld 2021 Hawkeye/ Kate Bishop
96%
Tom Hiddleston 2011-Present Loki
96%
Elizabeth Olsen 2014-Present Scarlet Witch/ Wanda Maximoff
96%
Chris Pratt 2014-Present Star-Lord/ Peter Quill
96%
Paul Rudd 2015-Present Ant-Man/ Scott Lang
95%
Michael Douglas 2015-Present Hank Pym
95%
Jeremy Renner 2011-2021 Hawkeye/ Clint Barton
95%
Zoe Saldana 2014-Present Gamora
94%
Vin Diesel 2014-Present Groot
94%
Anthony Mackie 2014-Present Falcon/ Sam Wilson
93%
Bradley Cooper 2014-Present Rocket
93%
Sebastian Stan 2011-2021 Winter Soldier/ Bucky Barnes
92%
Benedict Cumerbatch 2016-Present Doctor Strange/ Stephen Strange
91%
Dave Bautista 2014-Present Drax
91%
Josh Brolin 2012-2019 Thanos
90%
Paul Bettany 2015-2021 Vision
90%
Gwyneth Paltrow 2008-2019 Pepper Potts
89%
Brie Larson 2019-Present Captain Marvel/ Carol Danvers
88%
Samuel L. Jackson 2008-Present Nick Fury
88%
Don Cheadle 2010-Present War Machine/ James Rhodes
86%
Benedict Wong 2016-Present Wong
82%
Evangeline Lilly 2015-Present Wasp/ Hope van Dyne
80%
Karen Gillan 2014-Present Nebula
78%
Simu Liu 2021-Present Shang-Chi
77%
Willem Dafoe 2021 Green Goblin/ Norman Osborn
76%
Natalie Portman 2011-Present Jane Foster
76%
Pom Klementieff 2017-Present Mantis
76%
Charlie Cox 2015-2021 Daredevil/ Matt Murdock
74%
Jake Gyllenhaal 2019 Mysterio/ Quentin Blake
73%
Oscar Isaac 2021-Present Moon Knight/ Marc Spector
71%
Idris Elba 2011-2018 Heimdall
69%
Anthony Hopkins 2011-2017 Odin
67%
Cate Blanchett 2017 Hela
65%
Aaron Taylor-Johnson 2014-2015 Quicksilver/ Pietro Maximoff
65%
Jamie Foxx 2021 Electro/ Max Dillon
64%
Cobie Smulders 2012-Present Maria Hill
63%
Michael Keaton 2017 Vulture/ Adrian Toomes
63%
Alfred Molina 2021 Doctor Octopus/ Otto Octavius
61%
Taika Waititi 2017-Present Korg
59%
Marisa Tomei 2016-2021 May Parker
59%
Zendaya 2017-Present Michelle Jones
59%
Tilda Swinton 2016-2019 Ancient One
55%
Jacob Batalon 2017-Present Ned Leeds
55%
Clark Gregg 2008-2020 Phil Coulson
54%
Kathryn Hahn 2021 Agatha Harkness
52%
David Harbour 2021-Present Red Guardian/ Aleksei
52%
Florence Pugh 2021-Present Yelena Belova
52%
Jon Bernthal 2016-2019 Punisher/ Frank Castle
49%
Richard Madden 2021 Ikaris
47%
Angelina Jolie 2021 Thena
47%
Vincent D'Onfrio 2015-2021 Kingpin/ Wilson Fisk
46%
Gemma Chan 2021 Sersi
45%
Jeff Bridges 2008 Iron Monger/ Obadiah Stane
44%
Mickey Rourke 2010 Whiplash/ Ivan Vanko
43%
Michael Rooker 2014-2017 Yondu
43%
Emily VanCamp 2014-Present Sharon Carter/ The Power Broker
41%
Michelle Pfieffierrer 2018-Present Janet van Dyne
40%
Krystyn Ritter 2015-2019 Jessica Jones
40%
Mahershala Ali 2021-Present Blade/ Eric Brooks
39%
Finn Jones 2017-2018 Iron Fist/ Danny Rand
38%
Awkwafina 2021-Present Katy
38%
Mike Colter 2016-2018 Luke Cage
38%
Wyatt Russell 2021-Present U.S. Agent/ John Walker
36%
Sam Rockwell 2010 Justin Hammer
35%
Lia McHugh 2021 Sprite
35%
Michael Pena 2015-Present Luis
34%
Ma-Dong Seok 2021 Gilgamesh
33%
Frank Grillo 2014-2019 Brock Rumlow/ Crossbones
32%
Barry Keoghan 2021 Druig
32%
Sean Gunn 2014-Present Kraglin
31%
Kat Dennings 2011-2021 Darcy Lewis
28%
Randall Park 2018-2021 Jimmy Woo
27%
Reggie the Cat 2019 Goose
26%
Jude Law 2019 Yon-Rogg
24%
Salma Hayek 2021 Ajax
23%
Tony Revolori 2017-2021 Flash Thompson
23%
Karl Urban 2017 Skurge
23%
Kit Harington 2021-Present Dane Whitman
20%
Ben Mendelsohn 2019-Present Talos
20%
Tom Vaughn-Lawlor 2018-2019 Ebony Maw
18%
Carrie Coon 2018-2019 Proxima Midnight
18%
Tony Leung 2021 Wenwu
18%
Terry Notary 2018-2019 Cull Obsidian
15%
Ming-Na Wen 2013-2020 Melinda May
15%
Michael Shaw 2018-2019 Corvus Glaive
14%
Stephen Murdoch 2017-Present Miek
14%
Lexi Rabe 2019 Morgan Stark
14%
Vera Farmiga 2021 Eleanor Bishop
13%
Dominic Purcell 2010-2019 Howard Stark
11%
Erin Kellyman 2021 Karli Morgenthau
10%
Menger Zhang 2021-Present Xialing
10%
Jeffret Wright 2021-Present Uatu the Watcher
9%
Josh Stamberg 2021 Tyler Hayward
7%
Julia Louis-Dreyfus 2021-Present Val Contessa
1%
No matching quizzes found
Score Distribution
Percent of People with Each Score
Percentile by Number Answered
Your Score History
You have not taken this quiz